| 000 | 00467nam a2200181Ia 4500 | ||
|---|---|---|---|
| 001 | 4019 | ||
| 005 | 20260306145725.0 | ||
| 008 | 260306t2019||||xx |||||||||||||| ||spa|| | ||
| 041 | _aESP | ||
| 082 |
_a306.44 _bH49 |
||
| 100 |
_aHevia Garrido Lecca, Julio, _eAUT |
||
| 245 | 0 | _aComer, beber y hablar. Triangulación oral en la cultura limeña | |
| 260 | _c2019 | ||
| 300 |
_a374 páginas : _c24 cm. |
||
| 650 | _aGEN | ||
| 654 | _aCHU | ||
| 942 |
_cLIB _dJUS _fJUS _2ddc _n |
||
| 999 |
_c4019 _d4019 |
||